LEADER 00948nam0-2200337---450- 001 990005664020403321 005 20160620123928.0 035 $a000566402 035 $aFED01000566402 035 $a(Aleph)000566402FED01 035 $a000566402 100 $a19990604d1978----km-y0itay50------ba 101 0 $aita 102 $aIT 105 $ay-------001cy 200 1 $aFrammenti$fBlaise Pascal$ga cura di Enea Balmas e Luciano Stecca 210 $aBologna$cPàtron$d1978 215 $a471 p.$d24 cm 225 1 $aTesti filosofici$v7 610 0 $aPascal, Blaise$aOpere$aStoria 676 $a194$v21$zita 700 1$aPascal,$bBlaise$f<1623-1662>$028760 702 1$aBalmas,$bEnea$f<1924-1995> 702 1$aStecca,$bLuciano 801 0$aIT$bUNINA$gRICA$2UNIMARC 901 $aBK 912 $a990005664020403321 952 $aP.1 6F PAS 14$bIst. st. fil. 7174$fFLFBC 959 $aFLFBC 996 $aFrammenti$9289962 997 $aUNINA LEADER 00954nam0-22003131i-450- 001 990002568430403321 005 20031023145210.0 035 $a000256843 035 $aFED01000256843 035 $a(Aleph)000256843FED01 035 $a000256843 100 $a20030910d1965----km-y0itay50------ba 101 0 $afre 200 1 $aMéthodes mathématique pour calculateurs arithmétique$fA. Ralston, H.S. Wilf 210 $aParis$cDunod$d1965 215 $aIX, 479 p.$d25 cm 225 1 $aBibliotèque de l'ingénieur automaticien$v3 610 0 $aMetodi computazionali 610 0 $aCalcolatori$aProgrammazione 676 $a003 700 1$aRalston,$bAnthony$01681 701 1$aWilf,$bHerbert S.$f<1931- >$012671 801 0$aIT$bUNINA$gRICA$2UNIMARC 901 $aBK 912 $a990002568430403321 952 $aMXXI-A-84$b034152$fMAS 959 $aMAS 996 $aMéthodes mathématique pour calculateurs arithmétique$9436577 997 $aUNINA